[Event "Frome op"]
[Site "Frome"]
[Date "2009.05.08"]
[Round "1"]
[White "Taylor, Geoffrey P"]
[Black "Byway, Paul V"]
[Result "0-1"]
[WhiteElo "2017"]
[BlackElo "2156"]
[PlyCount "110"]
[EventDate "2009.05.08"]
[EventType "swiss"]
[EventRounds "5"]
[EventCountry "ENG"]
[SourceTitle "CBM 130 Extra"]
[Source "ChessBase"]
[SourceDate "2009.07.02"]
[SourceVersion "2"]
[SourceVersionDate "2009.07.15"]
[SourceQuality "1"]

1. e4 c5 2. Nf3 e6 3. d4 cxd4 4. Nxd4 Nf6 5. Nc3 Nc6 6. Ndb5 Bb4 7. Nd6+ Ke7 8. Nxc8+ Rxc8 9. Qd3 d5 10. exd5 Qxd5 11. Bd2 Qxd3 12. Bxd3 Ne5 13. Be2 Rhd8 14. 0-0-0 Nc4 15. Be1 Rxd1+ 16. Bxd1 Ne5 17. f4 Nc6 18. g4 Bc5 19. Bd2 a6 20. g5 Nd7 21. Ne4 Bd4 22. Re1 g6 23. c3 Ba7 24. Kb1 Nc5 25. Nxc5 Bxc5 26. Bc2 Rd8 27. Kc1 Kf8 28. Re2 Ne7 29. Be4 Rd7 30. Kc2 Nf5 31. Bxf5 gxf5 32. Be3 Bxe3 33. Rxe3 Kg7 34. h4 Kg6 35. b4 Kh5 36. Rg3 Kxh4 37. Rg1 Kh5 38. a4 Kg6 39. Rh1 Rd5 40. Rh3 e5 41. Rh6+ Kg7 42. fxe5 Rxe5 43. Rb6 f4 44. Rf6 Rxg5 45. Rxf4 h5 46. c4 Rg4 47. Rxg4+ hxg4 48. Kd3 Kf6 49. b5 Ke6 50. c5 Kd7 51. Ke4 axb5 52. axb5 Ke6 53. Kf4 f5 54. Kg3 Kd5 55. c6 bxc6 0-1

[Event "BCF-chT3 0809 (4NCL)"]
[Site "Hinckley Island"]
[Date "2009.03.21"]
[Round "7.4"]
[White "Higgs, Anthony"]
[Black "Taylor, Geoffrey P"]
[Result "1/2-1/2"]
[WhiteElo "1995"]
[BlackElo "2019"]
[PlyCount "65"]
[EventDate "2008.10.18"]
[EventType "team-swiss"]
[EventRounds "11"]
[EventCountry "ENG"]
[SourceTitle "EXT 2010"]
[Source "ChessBase"]
[SourceDate "2010.11.25"]
[SourceVersion "1"]
[SourceVersionDate "2010.11.25"]
[SourceQuality "1"]
[WhiteTeam "Guildford IV"]
[BlackTeam "Gloucestershire Gambits"]
[WhiteTeamCountry "ENG"]
[BlackTeamCountry "ENG"]

1. g3 e5 2. a3 d5 3. Nf3 Bd6 4. d3 Nf6 5. Bg2 0-0 6. Bg5 Be6 7. Nbd2 Nbd7 8. c3 h6 9. Bxf6 Nxf6 10. 0-0 Qd7 11. e4 dxe4 12. Nxe4 Nxe4 13. dxe4 Rad8 14. Qc2 Bc4 15. Rfe1 Qe6 16. b4 Be7 17. Bf1 Bb3 18. Qb2 Ba4 19. c4 f6 20. Rac1 c5 21. Qc3 Be8 22. Rcd1 Rxd1 23. Rxd1 Bc6 24. Bg2 Qc8 25. Nh4 Rd8 26. Re1 Kh7 27. Nf5 Bf8 28. b5 Be8 29. Ne3 Rd4 30. Nf5 Rd8 31. Ne3 Rd4 32. Nf5 Rd8 33. Ne3 1/2-1/2

[Event "BCF-chT3 0809 (4NCL)"]
[Site "Hinckley Island"]
[Date "2009.02.07"]
[Round "5.5"]
[White "Matthews, Adrian MS"]
[Black "Taylor, Geoffrey P"]
[Result "1/2-1/2"]
[WhiteElo "1924"]
[BlackElo "2019"]
[PlyCount "69"]
[EventDate "2008.10.18"]
[EventType "team-swiss"]
[EventRounds "11"]
[EventCountry "ENG"]
[SourceTitle "EXT 2010"]
[Source "ChessBase"]
[SourceDate "2010.11.25"]
[SourceVersion "1"]
[SourceVersionDate "2010.11.25"]
[SourceQuality "1"]
[WhiteTeam "FCA Solutions II"]
[BlackTeam "Gloucestershire Gambits"]
[WhiteTeamCountry "ENG"]
[BlackTeamCountry "ENG"]

1. e4 c5 2. c3 e6 3. d4 d5 4. e5 Nc6 5. Nf3 Qb6 6. Bd3 cxd4 7. cxd4 Bd7 8. 0-0 Nge7 9. Na3 Nb4 10. Bb1 Nec6 11. Nc2 Be7 12. a3 Nxc2 13. Bxc2 a5 14. b3 Rc8 15. Bb2 Na7 16. Re1 Rc7 17. h4 h6 18. h5 Bb5 19. Re3 Kd7 20. Rc3 Rhc8 21. Rxc7+ Rxc7 22. Rc1 Qa6 23. Bb1 Rxc1 24. Qxc1 Bd3 25. Qd1 Bxb1 26. Qxb1 Qe2 27. Qc1 Nc6 28. Qd2 Qxd2 29. Nxd2 b5 30. Kf1 a4 31. b4 Na7 32. f4 Nc8 33. Ke2 Nb6 34. Nb1 Kc6 35. Bc1 1/2-1/2

[Event "Weymouth Major op"]
[Site "Weymouth"]
[Date "2008.10.26"]
[Round "4"]
[White "Bartlett, Simon"]
[Black "Taylor, Geoffrey P"]
[Result "0-1"]
[WhiteElo "1816"]
[BlackElo "1824"]
[PlyCount "60"]
[EventDate "2008.10.24"]
[EventType "swiss"]
[EventRounds "5"]
[EventCountry "ENG"]
[SourceTitle "EXT 2011"]
[Source "ChessBase"]
[SourceDate "2010.11.26"]
[SourceVersion "1"]
[SourceVersionDate "2010.11.26"]
[SourceQuality "1"]

1. e4 c5 2. Nf3 d6 3. d4 cxd4 4. Nxd4 Nf6 5. Nc3 a6 6. Bg5 e6 7. f4 Be7 8. Qf3 Qc7 9. 0-0-0 Nbd7 10. g4 b5 11. Bxf6 gxf6 12. Bd3 Bb7 13. Rhe1 Qb6 14. Bf1 Rc8 15. Qe2 b4 16. Nd5 exd5 17. exd5 Ne5 18. fxe5 fxe5 19. Nf5 b3 20. axb3 Qxb3 21. Nxe7 Kxe7 22. Rd3 Qa2 23. Ra3 Qxd5 24. Qf2 f6 25. Bxa6 Rc7 26. Rf1 Rf8 27. Bd3 e4 28. Bxe4 Qg5+ 29. Qf4 Bxe4 30. Re3 Qxf4 0-1